000 00912nam1a22002291i 4500
001 rc\2823395
005 20240726061909.0
035 _a(NLR Aleph) 006981745
090 _a5538394
_c5538394
100 _a20110622g19271929|||y0rusy50 ca
101 0 _arus
102 _aRU
105 _ay z |||||
200 1 _aВ помощь просвещенцу
_eСборник [статей]. Вып. 1-
_f[Под ред. Б.Н. Никольского и Л.О. Ермишова]
_gПедагогический факультет С.Г.У. и методическое бюро Губоно
210 _aСмоленск
_cСмоленский гос. ун-т и Губ. отд. нар. образ.
_d1927-1929
215 _d27×18 см
702 1 _aНикольский
_bБ.Н.
_4340
702 1 _aЕрмишов
_bЛ.О.
_4340
801 0 _aRU
_bNLR
_gpsbo
801 1 _aRU
_bELAR
_2rusmarc
852 _aNLR
_j48/490
942 _cBOOK